000 00884nam a2200241 i 4500
001 bg
245 0 0 _aŹródła przewagi konkurencyjnej przedsiębiorstw /
_cpod red. Krystyny Poznańskiej i Alicji Sosnowskiej.
260 _aWarszawa :
_bSzkoła Główna Handlowa,
_c2002.
300 _a197 s. :
_bil. ;
_c24 cm.
490 1 _aMateriały i Prace / Instytut Funkcjonowania Gospodarki Narodowej,
_x0239-9512 ;
_vt. 82
504 _aBibliogr. po rozdz.
650 4 _aKonkurencja
_xekonomia
_zPolska
_yod 1989 r.
650 4 _aInnowacje
_xgospodarka
700 1 _aPoznańska, Krystyna
_d(1954-).
_eRed.
700 1 _aSosnowska, Alicja.
_eRed.
830 0 _aMateriały i Prace Instytutu Funkcjonowania Gospodarki Narodowej
_x0239-9512
_vt. 82
040 _cBPK
041 _apol
044 _aPOL
080 _a339.137(438)
942 _cKS
008 110411s2002 pl a |000 0 pol
999 _c49681
_d49681
856 _uhttp://koha.tu.koszalin.pl/cgi-bin/koha/opac-detail.pl?biblionumber=49681
_yKatalog online BPK